<?xml version="1.0" encoding="UTF-8"?>
<record
    xmlns:xsi="http://www.w3.org/2001/XMLSchema-instance"
    xsi:schemaLocation="http://www.loc.gov/MARC21/slim http://www.loc.gov/standards/marcxml/schema/MARC21slim.xsd"
    xmlns="http://www.loc.gov/MARC21/slim">

  <leader>00654nam a2200205Ia 4500</leader>
  <controlfield tag="005">20220712160500.0</controlfield>
  <controlfield tag="008">210716s2016    xx            000 0 und d</controlfield>
  <datafield tag="020" ind1=" " ind2=" ">
    <subfield code="a">9788177227192</subfield>
  </datafield>
  <datafield tag="040" ind1=" " ind2=" ">
    <subfield code="c">AIMIT LIBRARY</subfield>
  </datafield>
  <datafield tag="041" ind1=" " ind2=" ">
    <subfield code="a">eng</subfield>
  </datafield>
  <datafield tag="082" ind1=" " ind2=" ">
    <subfield code="a">006.671 </subfield>
    <subfield code="2">1</subfield>
    <subfield code="b">BAUC</subfield>
  </datafield>
  <datafield tag="100" ind1=" " ind2=" ">
    <subfield code="a">Bauer, Christian.</subfield>
    <subfield code="9">48418</subfield>
  </datafield>
  <datafield tag="245" ind1=" " ind2=" ">
    <subfield code="a">Java persistence with hibernate /</subfield>
    <subfield code="c">By Christian Bauer and Gavin King ; foreword by Linda DeMichiel.</subfield>
  </datafield>
  <datafield tag="250" ind1=" " ind2=" ">
    <subfield code="a">1st ed</subfield>
    <subfield code="b">Revised edition.</subfield>
  </datafield>
  <datafield tag="260" ind1=" " ind2=" ">
    <subfield code="a">New Delhi :</subfield>
    <subfield code="b">Dreamtech Press ,</subfield>
    <subfield code="c">2007.</subfield>
  </datafield>
  <datafield tag="300" ind1=" " ind2=" ">
    <subfield code="a">XXXIV,841p. ;</subfield>
    <subfield code="b">PB</subfield>
    <subfield code="c">23.5 cm.</subfield>
  </datafield>
  <datafield tag="650" ind1=" " ind2=" ">
    <subfield code="a">Java Programming</subfield>
    <subfield code="9">48419</subfield>
  </datafield>
  <datafield tag="700" ind1=" " ind2=" ">
    <subfield code="a">King, Gavin.</subfield>
    <subfield code="9">48430</subfield>
  </datafield>
  <datafield tag="942" ind1=" " ind2=" ">
    <subfield code="2">ddc</subfield>
    <subfield code="c">BK</subfield>
    <subfield code="e">1st</subfield>
  </datafield>
  <datafield tag="999" ind1=" " ind2=" ">
    <subfield code="c">189059</subfield>
    <subfield code="d">189059</subfield>
  </datafield>
  <datafield tag="952" ind1=" " ind2=" ">
    <subfield code="0">0</subfield>
    <subfield code="1">0</subfield>
    <subfield code="2">ddc</subfield>
    <subfield code="4">0</subfield>
    <subfield code="7">0</subfield>
    <subfield code="8">MCA</subfield>
    <subfield code="a">AIMIT</subfield>
    <subfield code="b">AIMIT</subfield>
    <subfield code="d">2022-07-12</subfield>
    <subfield code="e">Athulya Books</subfield>
    <subfield code="g">849.00</subfield>
    <subfield code="i">Bill no:505; Bill dt:2008-12-15</subfield>
    <subfield code="l">0</subfield>
    <subfield code="o">006.671 BAUC</subfield>
    <subfield code="p">MCA08567</subfield>
    <subfield code="r">2025-07-21 00:00:00</subfield>
    <subfield code="v">636.75</subfield>
    <subfield code="w">2021-07-16</subfield>
    <subfield code="y">BK</subfield>
  </datafield>
  <datafield tag="952" ind1=" " ind2=" ">
    <subfield code="0">0</subfield>
    <subfield code="1">0</subfield>
    <subfield code="2">ddc</subfield>
    <subfield code="4">0</subfield>
    <subfield code="7">0</subfield>
    <subfield code="8">MCA</subfield>
    <subfield code="a">AIMIT</subfield>
    <subfield code="b">AIMIT</subfield>
    <subfield code="d">2022-07-12</subfield>
    <subfield code="e">Athulya Books</subfield>
    <subfield code="g">849.00</subfield>
    <subfield code="i">Bill no:595; Bill dt:2011-10-28</subfield>
    <subfield code="l">0</subfield>
    <subfield code="o">006.671 BAUC</subfield>
    <subfield code="p">MCA11445</subfield>
    <subfield code="r">2025-07-21 00:00:00</subfield>
    <subfield code="v">636.75</subfield>
    <subfield code="w">2021-07-16</subfield>
    <subfield code="y">BK</subfield>
  </datafield>
</record>
